000 00799nam a22002055i 4500
001 166425
003 ES-MaACL
005 20240126063022.0
008 050915s1900 fr |||| | fre d
040 _aCAM
_bspa
_cCAM
100 1 _aTolstói, Lev,
_d1828-1910
_9110489
245 1 0 _aRésurrection /
_cComte Léon Tolstoï ; traduit du russe par Teodor de Wyzewa.
260 _aParis :
_bPerrin et C\pie\s libraires-éditeurs :
_bLibraire Académique Didier,
_c1900 (
_eTours :
_fImprimerie Deslis frères)
300 _a2 v. ;
_c19 cm.
505 8 _aContiene: Première et Duxième parties (448 p.) - Troisième et dernière partie (138 p.)
700 1 _aWyzewa, Teodor de.
_9117484
852 _aES-MaACL
_jF-9474-75
_z-- Enc. pasta española
999 _c166425
_d166425